000 01868nam a2200469 a 4500
005 20260629095216.0
008 260624e2011 |||||||| |||| 00| 0 spa d
020 _a9789500602709
041 _aspa
092 _c616.079
_l24
_sFAI
100 1 _aFainboim, Leonardo.
_9249
245 _aIntroducción a la Inmunología Humana/
_cLeonardo Fainboim
250 _a6a ed.
260 _aBuenos Aires,
_bEditorial Médica Panamericana;
_c2011.
300 _a563 p.
500 _aFainboim, L., Satz, M. L. y Geffner, J. (2011). Introducción a la Inmunología Humana. (6a ed.). Buenos Aires : Editorial Médica Panamericana.
590 _aDonacion Marco D´angelo Junio 2026
653 3 _aLa respuesta inmunitaria
653 _aInmunidad innata
653 _aEstructura y función del complejo mayor de histocompatibilidad
653 _aReconocimiento antígeno por los linfocitos B y T
653 _aCélulas presentadoras de antigeno. Procesamiento antigénico
653 _aOntogenia
653 _aRegulación de la expresión génica en el sistema inmunitario
653 _aInmunidad mediada por linfocitos T
653 _aInmunidad mediada por linfocitos B
653 _aTráfico linfocitario
653 _aTolerancia inmunológica y células T reguladoras
653 _aMemoria inmunitaria
653 _aInmunidad en las mucosas
653 _aInmunidad antiviral
653 _aInmunidad antibacteriana
653 _aRespuesta inmunitaria frente a las infecciones parasitarias
653 _aInmunidad y cáncer
653 _aInmunodeficiencias primarias
653 _aInfección por el virus de la inmunodeficiencia humana (HIV) y sindrome de inmunodeficiencia adquirida (SIDA)
653 _aHipersensibilidad
653 _aAutoinmunidad
700 1 _aGeffner, Jorge.
_9251
700 1 _aSatz, M. L.
_94375
942 _2ddc
_cBK
999 _c3326
_d3326